Rugby - Défaites du XV de France en Coupe du monde. - Statistiques

Statistiques générales
  • Ce quiz a été pris 1 270 fois
    765 depuis la dernière actualisation
  • Le résultat moyen est 15 sur 16
Statistiques - réponses
Date Matches % Correct
17 juin 1995 France 15-19 Afrique du Sud Demie-finale
100%
15 octobre 2023 France 28-29 Afrique du Sud Quart de finale
100%
20 juin 1987 France 9-29 Nouvelle-Zélande Finale
100%
20 novembre 2003 France 13-40 Nouvelle-Zélande Petite finale
100%
24 septembre 2011 France 17-37 Nouvelle-Zélande Poule
100%
23 octobre 2011 France 7-8 Nouvelle-Zélande Finale
100%
17 octobre 2015 France 13-62 Nouvelle-Zélande Quart de finale
100%
19 octobre 1991 France 10-19 Angleterre Quart de finale
99%
16 novembre 2003 France 7-24 Angleterre Demie-finale
99%
13 octobre 2007 France 9-14 Angleterre Demie-finale
99%
6 novembre 1999 France 12-35 Australie Finale
98%
20 octobre 2019 France 19-20 Pays de Galles Quart de finale
96%
11 octobre 2015 France 9-24 Irlande Poule
94%
7 septembre 2007 France 12-17 Argentine Poule
93%
19 octobre 2007 France 10-34 Argentine Petite finale
93%
1er octobre 2011 France 19-14 Tonga Poule
77%
Aucun quiz correspondant
Distribution des résultats
% des personnes avec chaque résultat
Percentile par nombre de réponses
Votre historique - résultats
Vous n’avez pas pris ce quiz depuis la dernière actualisation